000
nam a22 7a 4500
999
_c
47218
_d
47218
003
OSt
005
20190506160727.0
008
190506b xxu||||| |||| 00| 0 eng d
040
_c
sero soft
100
_a
Sharma,R.A
245
_a
Mega trends in into technology
260
_a
Meerut
_b
IPH
300
_a
452
942
_2
ddc
_c
01